000 01033nam a2200313 4500
001 179152
003 ES-MaACL
005 20230919124922.0
008 110920s2009 sp |||| | spa d
020 _a978-84-88123-76-3
080 _a159.923.2-055.2
080 _a159.922.1-055.2
080 _a159.964.2-055.2
245 0 0 _aMujer es querer
_b: sobre la ética de las identidades de género /
_cJosé-Miguel Marinas, Sonia Arribas (eds.).
260 _aMadrid :
_bMinerva,
_c[2009]
300 _a225 p. ;
_c21 cm.
490 1 _aEstudios sobre la mujer
504 _aReferencias bibliográficas.
650 7 _aIdentidad sexual.
_913543
650 7 _aFeminidad.
_9146683
650 0 7 _aMujeres-
_xPsicología.
_915309
700 1 _aMarinas, José Miguel.
_976830
700 1 _aArribas, Sonia.
_9147990
830 0 _aEstudios sobre la mujer
_9181870
852 _aES-MaACL
_9186025
_bR.145528
_jA-11535
_dOlim: N-4539
_cDEPO1
942 _2udc
_cMONOGRAFIA
999 _c179152
_d179152